Problems & Solutions in Inventory Management. (Record no. 3203)

MARC details
005 - DATE AND TIME OF LATEST TRANSACTION
control field 20250605104354.0
020 ## - INTERNATIONAL STANDARD BOOK NUMBER
International Standard Book Number 9 783319880822
082 ## - DEWEY DECIMAL CLASSIFICATION NUMBER
Classification number 658.7 SHE
100 ## - MAIN ENTRY--PERSONAL NAME
Author name SHENOY,D.
245 ## - TITLE STATEMENT
Title Problems & Solutions in Inventory Management.
260 ## - PUBLICATION, DISTRIBUTION, ETC.
Place of publication, distribution, etc. Switzerland,
Name of publisher, distributor, etc. Springer,
Date of publication, distribution, etc. 2018.
300 ## - PHYSICAL DESCRIPTION
Extent xii.;279p; figure.; table.;
Other physical details index.;
Dimensions 23cm.
700 ## - ADDED ENTRY--PERSONAL NAME
Other authors/Editors ROSAS, R.
942 ## - ADDED ENTRY ELEMENTS (KOHA)
Source of classification or shelving scheme Dewey Decimal Classification
Koha item type Books
Holdings
Date last seen Total checkouts Full call number Barcode Cost, replacement price Price effective from Koha item type Lost status Source of classification or shelving scheme Damaged status Not for loan Withdrawn status Home library Current library Shelving location Date acquired Cost, normal purchase price
06/05/2025   658.7 SHE DOM00065 362808.00 06/05/2025 Books   Dewey Decimal Classification       CBE Dodoma CBE Dodoma Special Reserve Collection 03/12/2025 120936.00